Cities Sorting Gallery V Quiz Stats

 Plays Quiz Updated Jul 25, 2018

Challenge
Share
Tweet
Embed
Score 0/55 Timer 07:00
18 Plays Today
% Correct
Lisbon
90%
Tokyo
88.1%
Copenhagen
86.5%
Kyoto
86.2%
Osaka
84.4%
Kyiv
84%
Yokohama
83.5%
Hiroshima
83.4%
Fukuoka
83.1%
Nagoya
81.9%
Lima
81.9%
Porto
81.7%
Kingston
80%
Jakarta
79.8%
Helsingør
77.8%
Donetsk
76.8%
Kobe
76.7%
Aalborg
76.6%
Aveiro
76.3%
Esbjerg
76.2%
Lviv
75.3%
Kharkiv
74.9%
Sapporo
74.2%
Aarhus
73.4%
Barreiro
73.1%
Odessa
70.8%
Abuja
69.7%
Almada
69.1%
% Correct
Roskilde
66.4%
Agualva-Cacém
65.7%
Dnipro
64.8%
Montego Bay
64%
Sevastopol
63.4%
Coimbra
61.8%
Spanish Town
61.1%
Cusco
60.6%
Arequipa
60.1%
Braga
58.2%
Iquitos
55.9%
Odense
55.1%
Setúbal
52.7%
Bandung
51.7%
Surabaya
51%
Trujillo
49.7%
Manama
49.4%
Funchal
46.1%
Benin City
45.4%
Randers
44.5%
Chiclayo
44%
Ibadan
41.6%
Kano
40.5%
Port Harcourt
34.7%
Riffa
27.9%
Medan
27%
Brikama
21.2%

You're not logged in!

Compare scores with friends on all Sporcle quizzes.
OR
Log In

You Might Also Like...

Show Comments

Extras

Top Quizzes Today


Score Distribution

Your Account Isn't Verified!

In order to create a playlist on Sporcle, you need to verify the email address you used during registration. Go to your Sporcle Settings to finish the process.

Report this User

Report this user for behavior that violates our Community Guidelines.

Details: